| 000 | 00000nam##2200000za#4500 |
| 001 | 9.640567 |
| 003 | CaOODSP |
| 005 | 20210624222732 |
| 007 | cr ||||||||||| |
| 008 | 150407|2000||||xxc|||||o f|0| 0 fre|d |
| 040 | |aCaOODSP|bfre |
| 043 | |an-cn--- |
| 086 | 1 |aMP43-412/2000F-PDF |
| 110 | 1 |aCanada.|bDéveloppement des ressources humaines Canada. |
| 245 | 10|aRapport d'étape sur le Plan d'action pour renforcer la gestion des programmes de subventions et de contributions |h[ressource électronique] |
| 260 | |aOttawa - Ontario : |bDéveloppement des ressources humaines Canada |cMai 2000. |
| 300 | |a52p.|bgraphiques, tableaux |
| 590 | |a12-33-Supp|b2012-07-18 |
| 691 | 07|aFinancement|2gcpds |
| 691 | 07|aProgramme fédéral|2gcpds |
| 691 | 07|aRessources humaines|2gcpds |
| 691 | 07|aSubvention|2gcpds |
| 691 | 07|aVérification comptable|2gcpds |
| 775 | 08|tProgress report on the Action Plan for Strengthening Administration of Grants and Contributions |w(CaOODSP)9.696452 |
| 776 | 0#|tProgress report on the Action Plan for Strengthening Administration of Grants and Contributions, May 2000 |w(CaOODSP)9.661999 |
| 776 | 0#|tRapport d'étape sur le Plan d'action pour renforcer la gestion des programmes de subventions et de contributions, mai 2000 |w(CaOODSP)9.662000 |
| 856 | 40|ahttp://publications.gc.ca|qPDF|s259 Ko|uhttps://publications.gc.ca/collections/Collection/MP43-412-2000F.pdf |